000 00451nam a2200193Ia 4500
005 20250603145111.0
008 250603s9999 xx 000 0 und d
020 _a0-205-48507-3
050 _aLB 2831.58 . R43/
100 _aRebore, Ronald W.
245 0 _aHuman resources administration in education
250 _a8th ed.
260 _aBoston
260 _bPearson
260 _c2007
300 _a386 p
650 _aBoston
942 _cBK
999 _c40872
_d40872